000
00258nam a22000977a 4500
100
_a
Hariharan, T.
245
_a
Krishiyude thudakkam muthal sradhichal rubbarithpadanam koottaam
260
_b
Rubber, 708(May): 22-23.
_c
2025
300
_b
Malayalam
942
_c
JS
999
_c
75515
_d
75515